Liczby Rzymskie - Statystyki

Ogólne statystyki
  • Ten quiz został rozwiązany 597 razy
  • Średni wynik to 33 z 35
Statystyki odpowiedzi
arabskie rzymskie % Poprawnych
1 I
100%
2 II
100%
3 III
100%
4 IV
99%
5 V
99%
6 VI
99%
7 VII
99%
8 VIII
99%
10 X
99%
11 XI
99%
12 XII
98%
13 XIII
98%
9 IX
97%
14 XIV
96%
15 XV
96%
16 XVI
96%
17 XVII
96%
18 XVIII
96%
20 XX
95%
21 XXI
95%
22 XXII
95%
23 XXIII
95%
24 XXIV
94%
25 XXV
94%
26 XXVI
94%
27 XXVII
94%
19 XIX
93%
28 XXVIII
93%
30 XXX
93%
29 XXIX
91%
1000 M
83%
100 C
82%
50 L
81%
500 D
78%
40 XL
75%
Nie znaleziono quizów pasujących do podanych kryteriów
Rozkład punktacji
Procent ludzi z każdym wynikiem
Percentyl według liczby udzielonych odpowiedzi
Twoja historia wyników
Nie rozwiązałeś tego quizu